Brive - Choix multiples - Statistiques

Statistiques générales
  • Ce quiz a été pris 75 fois
  • Le résultat moyen est 6 sur 10
Statistiques - réponses
Question Réponse % Correct
Quel est le nom complet de la ville de Brive ? Brive-la-Gaillarde
100%
Dans quel sport le club de Brive est-il devenu champion d'Europe en 1997 ? Le rugby
93%
Quelle rivière traverse Brive ? La Corrèze
90%
Comment appelle-t-on les habitant(e)s de Brive de nos jours ? Les Brivistes
90%
Dans quelle région administrative d'avant 2016 se situe Brive ? Le Limousin
87%
Quel saint évangélisa la ville de Brive au Ve siècle et donne son nom à la collégiale de Brive ? Saint Martin
67%
Quel monument historique abrite aujourd'hui l'office de tourisme de Brive ? L'ancien château d'eau
34%
Quelle image parmi les suivantes vous rappelle Brive ?
31%
Quelle figure de la mythologie païenne, aujourd'hui nom d'une planète du système solaire, avait des idoles qui lui étaient vouées à Brive, idoles que le saint précédent renversa en proclamant sa foi au Dieu unique ? Saturne
25%
Quelle catastrophe a secoué la ville de Brive en 1783 ? Une bête féroce a terrorisé la ville.
22%
Aucun quiz correspondant
Distribution des résultats
% des personnes avec chaque résultat
Percentile par nombre de réponses
Votre historique - résultats
Vous n’avez pas pris ce quiz